000 00679nam a2200253Ia 4500
003 OSt
005 20221005083628.0
006 a|||||r|||| 00| 0
007 ta
008 221004b |||||||| |||| 00| 0 eng d
024 _a63446
037 _cTextual
040 _aCRL
_cCRL
_beng
041 _2eng
_aeng
082 _aV243.N84, M4
100 _aNayar Kuldip
245 0 _aTragedy of Punjab
_b Operation Bluestar and after
260 _aNew Delhi
_bVisiori book
_c1984
300 _a192p.
_ccm.
650 _aHISTORY
700 _a Khushwant Singh
942 _hV243.N84, M4
_cTEXL
_2cc
999 _c991316
_d991316